000 00514nam a2200145 a 4500
001 000037929
005 20201002031134.0
008 130308s1953 dr 000 0 spa d
040 _aDO-SdBNP
_bspa
_cBNPHU
100 1 _aContreras A., Cesáreo A.
_964360
245 1 4 _aLos principios fundamentales de la ley de registro de tierras /
_cCesáreo A. Contreras A.
260 _aCiudad Trujillo, República Dominicana :
_bEditora del Caribe,
_c1953.
300 _a66 p. p. ;
_c24 cm.
504 _aBibliografía : p. 151-153
999 _c37419
_d37419